Statistics for Star Wars Planets

Click here to take the quiz!

General Stats

  • This quiz has been taken 58 times
    (51 since last reset)
  • The average score is 9 of 15

Answer Stats

HintAnswer% Correct
Ice planet used by rebelsHoth
97%
"That's no moon"Death Star
93%
Desert planet with two sunsTatooine
90%
Padme Amidala homeworldNaboo
87%
Where the second Death Star's shield generator wasForest Moon of Endor
87%
Where Yoda goes into exileDagobah
83%
City planet, Republic capitalCoruscant
80%
Home of the Twi-lek peopleRyloth
60%
Desert planet with insectoid inhabitantsGeonosis
53%
Asajj Ventress homeworldDathomir/Rattatak
50%
Where we first meet Echo and FivesRishi Moon
40%
Home of the Zillo BeastMalastare
30%
Homeworld of Senator Riyo ChuchiPandora
30%
Crystal planet in Clone Wars movieChristophsis
23%
Ice moon of previous answerOrto Plutonia
10%

Score Distribution

Percentile by Number Answered

Percent of People with Each Score

Your Score History

You have not taken this quiz since the last reset